[Event "DM 2023 Kandidatklassen"]
[Site "Svendborg"]
[Date "2023.04.04"]
[Round "1"]
[White "Koch Mueller, Oscar"]
[Black "Thogersen, Rasmus"]
[Result "1/2-1/2"]
[WhiteElo "2167"]
[BlackElo "2365"]
[PlyCount "61"]
[EventDate "2023.04.04"]
[EventType "swiss"]
[EventRounds "7"]
[EventCountry "DEN"]
[SourceTitle "Live v. Kasper Jerwiarz"]

1. d4 d5 2. c4 e6 3. Nc3 c6 4. e3 f5 5. Nh3 Nf6 6. Bd3 Bd6 7. f3 O-O 8. Nf2 e5
9. cxd5 exd4 10. exd4 Re8+ 11. Be2 Nxd5 12. O-O Be6 13. Bc4 Qc7 14. h3 Qf7 15.
Nd3 Ne3 16. Bxe6 Qxe6 17. Bxe3 Qxe3+ 18. Kh1 Nd7 19. Qb3+ Kh8 20. Qxb7 Nf6 21.
Qxc6 Bg3 22. Ne5 Qxd4 23. Nf7+ Kg8 24. Rad1 Qh4 25. Nd6 Bxd6 26. Qxd6 Nh5 27.
Kh2 Rad8 28. Qc7 Rc8 29. Qd6 Rcd8 30. Qc7 Rc8 31. Qd6 1/2-1/2

[Event "DM 2023 Kandidatklassen"]
[Site "Svendborg"]
[Date "2023.04.04"]
[Round "1"]
[White "Ramsdal, Jens Albert"]
[Black "Thuesen, Mogens Henrik"]
[Result "1-0"]
[WhiteElo "2388"]
[BlackElo "2156"]
[PlyCount "61"]
[EventDate "2023.04.04"]
[EventType "swiss"]
[EventRounds "7"]
[EventCountry "DEN"]
[SourceTitle "Live v. Kasper Jerwiarz"]

1. e4 c5 2. Nf3 e6 3. g3 d5 4. exd5 exd5 5. d4 Nf6 6. Bg2 cxd4 7. O-O Be7 8.
Nxd4 Bg4 9. Qd3 O-O 10. Nf5 Nc6 11. Be3 Ne5 12. Nxe7+ Qxe7 13. Qb5 a6 14. Bc5
Qe6 15. Qb3 Rfc8 16. Bd4 Bh3 17. Nc3 Bxg2 18. Kxg2 Rc4 19. Rad1 Ned7 20. Rfe1
Qc6 21. Kg1 h5 22. Ne2 Re8 23. Qf3 Rxc2 24. Bc3 Ne5 25. Qf5 g6 26. Qf4 Nd3 27.
Rxd3 Rxc3 28. Rxc3 Qe6 29. Re3 Ne4 30. Nc3 g5 31. Rxe4 1-0

[Event "DM 2023 Kandidatklassen"]
[Site "Svendborg"]
[Date "2023.04.04"]
[Round "1"]
[White "Falkesgaard, Jeppe Hald"]
[Black "Kistrup, Nicolai"]
[Result "0-1"]
[WhiteElo "2062"]
[BlackElo "2300"]
[PlyCount "42"]
[EventDate "2023.04.04"]
[EventType "swiss"]
[EventRounds "7"]
[EventCountry "DEN"]
[SourceTitle "Live v. Kasper Jerwiarz"]

1. d4 Nf6 2. c4 e6 3. Nf3 d5 4. Nc3 c5 5. e3 Nc6 6. a3 dxc4 7. Bxc4 a6 8. O-O
b5 9. Ba2 Bb7 10. dxc5 Bxc5 11. b4 Bd6 12. Bb2 O-O 13. Qe2 Ne5 14. Nd4 Rc8 15.
e4 Nc4 16. Bxc4 Rxc4 17. Ndxb5 axb5 18. e5 Ng4 19. exd6 Qxd6 20. f4 Rxf4 21. g3
Qd4+ 0-1

[Event "DM 2023 Kandidatklassen"]
[Site "Svendborg"]
[Date "2023.04.04"]
[Round "1"]
[White "De Vleeschauwer, Maarten"]
[Black "Jensen, Lars Munk"]
[Result "1-0"]
[WhiteElo "2256"]
[BlackElo "2150"]
[PlyCount "81"]
[EventDate "2023.04.04"]
[EventType "swiss"]
[EventRounds "7"]
[EventCountry "DEN"]
[SourceTitle "Live v. Kasper Jerwiarz"]

1. e4 c5 2. d4 cxd4 3. c3 dxc3 4. Nxc3 Nc6 5. Nf3 e6 6. Bc4 a6 7. O-O Nge7 8.
Bg5 f6 9. Be3 b5 10. Bb3 Ng6 11. Nd5 Rb8 12. Re1 Na5 13. Rc1 Nxb3 14. Nc7+ Kf7
15. Nxe6 Qe7 16. Nc7 d6 17. Qxb3+ Be6 18. Nd5 Qb7 19. Nd4 Bxd5 20. exd5 Be7 21.
Rc6 Rhe8 22. Rec1 Kg8 23. Rc7 Qa8 24. Ne6 Rb7 25. Qc2 Ne5 26. Bd4 Qb8 27. f4
Nc4 28. Rc6 a5 29. b3 Nb6 30. Qe4 Bf8 31. Qf5 Nd7 32. h4 b4 33. h5 Nc5 34. Nxc5
dxc5 35. Bxc5 Bxc5+ 36. R6xc5 Rbe7 37. Rc8 Qb6+ 38. Kh2 Qf2 39. Qg4 Kf7 40.
R1c7 Rxc8 41. Qe6+ 1-0

[Event "DM 2023 Kandidatklassen"]
[Site "Svendborg"]
[Date "2023.04.04"]
[Round "1"]
[White "Thybo, Thomas Sondergaard"]
[Black "Rewitz, Poul"]
[Result "1/2-1/2"]
[WhiteElo "2130"]
[BlackElo "2219"]
[PlyCount "89"]
[EventDate "2023.04.04"]
[EventType "swiss"]
[EventRounds "7"]
[EventCountry "DEN"]
[SourceTitle "Live v. Kasper Jerwiarz"]

1. e4 c6 2. d4 d5 3. e5 Bf5 4. h4 h6 5. g4 Be4 6. f3 Bh7 7. e6 Qd6 8. exf7+
Kxf7 9. f4 Qe6+ 10. Be2 Qe4 11. Nf3 Qxc2 12. Ne5+ Ke8 13. g5 Qxd1+ 14. Bxd1 Be4
15. Nc3 Bxh1 16. Bh5+ Kd8 17. Nf7+ Kc7 18. Nxh8 hxg5 19. hxg5 e6 20. Bf7 Bb4
21. Kf2 Ne7 22. f5 Nd7 23. Ng6 Nxg6 24. Bxg6 Rh8 25. fxe6 Nf8 26. Bf4+ Kd8 27.
Bf7 Ke7 28. Be5 Nxe6 29. g6 Bxc3 30. bxc3 Be4 31. Rg1 Rh3 32. Bxe6 Kxe6 33.
Bxg7 Rxc3 34. Be5 Rc2+ 35. Ke3 Rg2 36. Rxg2 Bxg2 37. g7 Kf7 38. Kd2 Bh3 39. Kc3
Be6 40. a4 Kg6 41. a5 Kf5 42. Bb8 Kf6 43. Bxa7 Kxg7 44. Kb4 Bg4 45. Kc5 1/2-1/2

[Event "DM 2023 Kandidatklassen"]
[Site "Svendborg"]
[Date "2023.04.04"]
[Round "1"]
[White "Meskenas, Paulius"]
[Black "Medhus, Vitus Bondo"]
[Result "1-0"]
[WhiteElo "2216"]
[BlackElo "2097"]
[PlyCount "71"]
[EventDate "2023.04.04"]
[EventType "swiss"]
[EventRounds "7"]
[EventCountry "DEN"]
[SourceTitle "Live v. Kasper Jerwiarz"]

1. e4 c5 2. c3 Nf6 3. e5 Nd5 4. d4 cxd4 5. Nf3 Nc6 6. cxd4 d6 7. Bc4 Nb6 8. Bb5
dxe5 9. Nxe5 Bd7 10. Nxd7 Qxd7 11. Nc3 Rd8 12. Be3 a6 13. Bxc6 Qxc6 14. O-O e6
15. Rc1 Be7 16. Qg4 Bf6 17. Ne4 Qd7 18. Nxf6+ gxf6 19. Qg7 Ke7 20. d5 Rdg8 21.
d6+ Ke8 22. Qxf6 Nd5 23. Qe5 f6 24. Qh5+ Rg6 25. Rfd1 Rhg8 26. g3 R8g7 27. Rxd5
exd5 28. Qxd5 f5 29. Rc7 Qb5 30. d7+ Rxd7 31. Rc8+ Ke7 32. Bc5+ Kf6 33. Rf8+
Kg5 34. Qxf5+ Kh6 35. Qf4+ Kg7 36. Qe5+ 1-0

[Event "DM 2023 Kandidatklassen"]
[Site "Svendborg"]
[Date "2023.04.04"]
[Round "1"]
[White "Jarlskov, Daniel Tuk Hartso"]
[Black "Liu, Casper Yukun"]
[Result "1/2-1/2"]
[WhiteElo "2073"]
[BlackElo "2241"]
[PlyCount "70"]
[EventDate "2023.04.04"]
[EventType "swiss"]
[EventRounds "7"]
[EventCountry "DEN"]
[SourceTitle "Live v. Kasper Jerwiarz"]

1. d4 d5 2. c4 c6 3. Nf3 Nf6 4. Nc3 e6 5. Bg5 Nbd7 6. e3 Qa5 7. Nd2 Bb4 8. Qc2
Ne4 9. Ndxe4 dxe4 10. Bh4 O-O 11. Be2 e5 12. O-O exd4 13. exd4 g5 14. Bg3 f5
15. f4 Bd6 16. c5 Bxf4 17. Bxf4 gxf4 18. Rxf4 b6 19. Qb3+ Kg7 20. Nxe4 Nf6 21.
Qg3+ Kh8 22. Nxf6 Rxf6 23. Bc4 Bd7 24. Re1 Qd2 25. Re7 Rg6 26. Qh3 h6 27. Qf3
Rd8 28. h4 Qc1+ 29. Bf1 Rdg8 30. Kh2 Be6 31. Rxf5 Bxf5 32. Qxf5 Qd2 33. Qe5+
R8g7 34. Rxg7 Rxg7 35. Qe8+ Rg8 1/2-1/2

[Event "DM 2023 Kandidatklassen"]
[Site "Svendborg"]
[Date "2023.04.04"]
[Round "1"]
[White "Terryn, Ezra"]
[Black "Thorsen, Adrian Stenstrop"]
[Result "1/2-1/2"]
[WhiteElo "2213"]
[BlackElo "2060"]
[PlyCount "81"]
[EventDate "2023.04.04"]
[EventType "swiss"]
[EventRounds "7"]
[EventCountry "DEN"]
[SourceTitle "Live v. Kasper Jerwiarz"]

1. e4 e5 2. Nf3 Nc6 3. Bc4 Nf6 4. d3 h6 5. c3 d6 6. Bb3 g6 7. O-O Bg7 8. Nbd2
O-O 9. Nc4 Kh7 10. Re1 Bg4 11. Ne3 Bh5 12. h3 Bxf3 13. Qxf3 Qd7 14. Bd2 Nh5 15.
Nf5 gxf5 16. Qxh5 f4 17. d4 Na5 18. Bd1 Qe6 19. Bxf4 exf4 20. Qxa5 b6 21. Qh5
Qg6 22. Qd5 Qg5 23. e5 dxe5 24. dxe5 Rae8 25. Bc2+ Kh8 26. Qd3 Qg6 27. Qd1 Qg5
28. h4 Qd8 29. Qg4 Qc8 30. Qxf4 f6 31. exf6 Rxf6 32. Rxe8+ Qxe8 33. Qe4 Qxe4
34. Bxe4 Rf4 35. f3 Rxh4 36. Rd1 Be5 37. Rd7 a5 38. Kf2 Rh1 39. Rd5 Bd6 40. a3
Ra1 41. Rd2 1/2-1/2

[Event "DM 2023 Kandidatklassen"]
[Site "Svendborg"]
[Date "2023.04.04"]
[Round "1"]
[White "Zander, Emil"]
[Black "Le Besq, Alexander"]
[Result "1-0"]
[WhiteElo "2006"]
[BlackElo "2217"]
[PlyCount "107"]
[EventDate "2023.04.04"]
[EventType "swiss"]
[EventRounds "7"]
[EventCountry "DEN"]
[SourceTitle "Live v. Kasper Jerwiarz"]

1. e4 c5 2. Nf3 d6 3. d4 cxd4 4. Nxd4 Nf6 5. Nc3 g6 6. Be3 Bg7 7. f3 O-O 8. Qd2
Nc6 9. O-O-O d5 10. exd5 Nxd5 11. Nxc6 bxc6 12. Bd4 e5 13. Bc5 Be6 14. Ne4 Re8
15. h4 h6 16. h5 g5 17. g4 Qc7 18. Bc4 Red8 19. Qf2 Bf8 20. Bxf8 Kxf8 21. Qc5+
Kg7 22. Bxd5 Bxd5 23. c4 Be6 24. Rd6 Rxd6 25. Qxe5+ Kg8 26. Qxd6 Qxd6 27. Nxd6
Rd8 28. Rd1 Kf8 29. b3 Ke7 30. c5 Rb8 31. Rd4 Kf6 32. Kd2 Ke5 33. Kc3 Bd5 34.
Kd3 Ra8 35. Ke3 f6 36. Ra4 Be6 37. Re4+ Kd5 38. b4 Rb8 39. Kd3 a5 40. Nc4 axb4
41. Ne3+ Kxc5 42. Rxe6 Ra8 43. Nc2 Kd5 44. Rxf6 c5 45. Ne3+ Ke5 46. Rf5+ Kd6
47. Rd5+ Kc6 48. Kc4 Ra3 49. Rxc5+ Kd6 50. Nf5+ Ke6 51. Kxb4 Rxa2 52. Nxh6 Rf2
53. Nf5 Kf6 54. Nd4 1-0

[Event "DM 2023 Kandidatklassen"]
[Site "Svendborg"]
[Date "2023.04.04"]
[Round "1"]
[White "Hansen, Soren Bech"]
[Black "Nielsen, Phillip"]
[Result "1-0"]
[WhiteElo "2237"]
[BlackElo "1987"]
[PlyCount "57"]
[EventDate "2023.04.04"]
[EventType "swiss"]
[EventRounds "7"]
[EventCountry "DEN"]
[SourceTitle "Live v. Kasper Jerwiarz"]

1. e4 d5 2. exd5 Nf6 3. d4 Qxd5 4. Nc3 Qd6 5. Nf3 Nc6 6. Nb5 Qd8 7. d5 Nb4 8.
Bc4 Bf5 9. Bf4 Rc8 10. Nbd4 Nbxd5 11. Qd2 Bg6 12. O-O-O c6 13. Be5 e6 14. Ng5
Qd7 15. Rhe1 h6 16. Ngxe6 fxe6 17. Bxf6 gxf6 18. Nxe6 Kf7 19. Nf4 Bf5 20. Qe2
Kg7 21. g4 Bxg4 22. f3 Bf5 23. Nxd5 cxd5 24. Rxd5 Qc7 25. Rg1+ Kh7 26. Bd3
Qxc2+ 27. Bxc2 Rxc2+ 28. Qxc2 Bxc2 29. Rd7+ 1-0

[Event "DM 2023 Kandidatklassen"]
[Site "Svendborg"]
[Date "2023.04.04"]
[Round "1"]
[White "Wahlgreen, Noah Krug"]
[Black "Loftgaard, Mikkel Vinh"]
[Result "0-1"]
[WhiteElo "1975"]
[BlackElo "2244"]
[PlyCount "92"]
[EventDate "2023.04.04"]
[EventType "swiss"]
[EventRounds "7"]
[EventCountry "DEN"]
[SourceTitle "Live v. Kasper Jerwiarz"]

1. d4 Nf6 2. Bf4 d5 3. e3 c5 4. Nf3 Nc6 5. Nbd2 e6 6. c3 cxd4 7. exd4 Nh5 8.
Be3 Bd6 9. Ne5 g6 10. Be2 Ng7 11. Ndf3 f6 12. Nd3 O-O 13. O-O Qc7 14. Rc1 Qf7
15. Bf4 Bxf4 16. Nxf4 g5 17. Nd3 Kh8 18. b4 Nf5 19. Nd2 b6 20. Bh5 Qg7 21. Qe2
Rg8 22. h3 Bd7 23. Nb3 Nce7 24. c4 dxc4 25. Rxc4 Nd5 26. Bf3 Bb5 27. Bxd5 exd5
28. Rc3 Nd6 29. Rfc1 Bc4 30. Nd2 Rae8 31. Qf3 Nb5 32. Rxc4 dxc4 33. Rxc4 Rd8
34. Nb3 Rc8 35. Rc6 Rgd8 36. Rxf6 Rc3 37. Rf5 Nd6 38. Re5 Qg6 39. Nbc1 Nc4 40.
Re7 Rc8 41. d5 Nd2 42. Qg3 Rxc1+ 43. Ne1 Nc4 44. Qg4 Re8 45. Qe2 Rxe7 46. Qxe7
Qd6 0-1

[Event "DM 2023 Kandidatklassen"]
[Site "Svendborg"]
[Date "2023.04.04"]
[Round "1"]
[White "Ostensen, Nicolai Maxime"]
[Black "Iskos, Lukas"]
[Result "1-0"]
[WhiteElo "2226"]
[BlackElo "2013"]
[PlyCount "149"]
[EventDate "2023.04.04"]
[EventType "swiss"]
[EventRounds "7"]
[EventCountry "DEN"]
[SourceTitle "Live v. Kasper Jerwiarz"]

1. c4 e6 2. Nc3 Nf6 3. Nf3 d5 4. e3 Be7 5. b3 O-O 6. Bb2 c5 7. cxd5 Nxd5 8. Be2
Nc6 9. Ne4 f5 10. Ng3 Bf6 11. Bxf6 Qxf6 12. Rc1 b6 13. O-O Bb7 14. Bc4 Ne5 15.
Nxe5 Qxe5 16. d4 cxd4 17. Qxd4 Qxd4 18. exd4 Nf4 19. Rfe1 Kh8 20. f3 Rad8 21.
Rcd1 Rd6 22. Ne2 Nd5 23. Bxd5 Bxd5 24. Rc1 a5 25. Nf4 g5 26. Nxd5 exd5 27. Rc7
h6 28. Ree7 Rfd8 29. Kf2 f4 30. Ke2 Kg8 31. Kd2 Kf8 32. h4 gxh4 33. Rf7+ Kg8
34. Rg7+ Kh8 35. Rh7+ Kg8 36. Rcg7+ Kf8 37. Rg4 R8d7 38. Rxf4+ Ke8 39. Rh8+ Ke7
40. Rxh4 Rg6 41. Rh7+ Kd8 42. Rxd7+ Kxd7 43. Rg4 Re6 44. Rg7+ Kc6 45. a4 Kd6
46. Rf7 h5 47. Rg7 h4 48. Rg5 Kc6 49. Rg4 Rh6 50. Ke3 h3 51. gxh3 Rxh3 52. Rg6+
Kc7 53. Kf4 Rh1 54. Ke5 Rb1 55. Kxd5 Rxb3 56. Rg7+ Kd8 57. f4 b5 58. Kd6 Ke8
59. Re7+ Kf8 60. axb5 Rxb5 61. Ra7 Rb6+ 62. Ke5 Ke8 63. Rxa5 Ke7 64. Ra7+ Ke8
65. d5 Rh6 66. f5 Rb6 67. f6 Rb1 68. Re7+ Kf8 69. Rc7 Ke8 70. f7+ Kf8 71. d6
Re1+ 72. Kd5 Rd1+ 73. Kc6 Rc1+ 74. Kb7 Rd1 75. d7 1-0

[Event "DM 2023 Kandidatklassen"]
[Site "Svendborg"]
[Date "2023.04.04"]
[Round "1"]
[White "Mollasoltani, Aryan"]
[Black "Hoyer, Jacob K"]
[Result "0-1"]
[WhiteElo "2008"]
[BlackElo "2194"]
[PlyCount "56"]
[EventDate "2023.04.04"]
[EventType "swiss"]
[EventRounds "7"]
[EventCountry "DEN"]
[SourceTitle "Live v. Kasper Jerwiarz"]

1. e4 c5 2. Nf3 d6 3. d4 cxd4 4. Nxd4 Nf6 5. Nc3 a6 6. h3 e5 7. Nb3 Be6 8. Be3
Be7 9. Qf3 O-O 10. O-O-O b5 11. g4 b4 12. Nd5 Nxd5 13. exd5 Bc8 14. Bd3 a5 15.
h4 Nd7 16. h5 Ba6 17. Bf5 a4 18. Nd2 Qc7 19. g5 Nc5 20. Bxc5 Qxc5 21. Ne4 Qc4
22. b3 axb3 23. axb3 Qe2 24. Qg3 Bc8 25. Rhe1 Ra1+ 26. Kb2 Ra2+ 27. Kxa2 Qxc2+
28. Ka1 Bxf5 0-1

[Event "DM 2023 Kandidatklassen"]
[Site "Svendborg"]
[Date "2023.04.05"]
[Round "2"]
[White "Hansen, Soren Bech"]
[Black "Ramsdal, Jens Albert"]
[Result "0-1"]
[WhiteElo "2237"]
[BlackElo "2388"]
[PlyCount "90"]
[EventDate "2023.04.04"]
[EventType "swiss"]
[EventRounds "7"]
[EventCountry "DEN"]
[SourceTitle "Live v. Kasper Jerwiarz"]

1. e4 c5 2. Nf3 d6 3. Bb5+ Bd7 4. Bxd7+ Nxd7 5. O-O Ngf6 6. Qe2 e6 7. c3 Be7 8.
d4 O-O 9. Bg5 h6 10. Bh4 Rc8 11. Rd1 cxd4 12. Nxd4 Qb6 13. Na3 Rfe8 14. Rab1 a6
15. Nac2 Qc5 16. Nb4 Nb6 17. Bg3 Qc4 18. Qe3 d5 19. Nb3 Qb5 20. e5 Nc4 21. Qe2
Ne4 22. Nd3 a5 23. f3 Nxg3 24. hxg3 a4 25. Nd4 Qa5 26. a3 Bc5 27. Kh2 Bxd4 28.
cxd4 Rc7 29. Rbc1 Rec8 30. Rc3 Qa7 31. Nc5 b6 32. Nd3 Na5 33. Rxc7 Rxc7 34. Rc1
Nb3 35. Rxc7 Qxc7 36. Nf4 Nxd4 37. Qa6 Qc2 38. Kh3 Qf5+ 39. Kh2 Qc2 40. Kh3 Qb1
41. Qxa4 Qh1+ 42. Kg4 Nf5 43. Qb3 Qe1 44. Nh5 Ne3+ 45. Kf4 g5# 0-1

[Event "DM 2023 Kandidatklassen"]
[Site "Svendborg"]
[Date "2023.04.05"]
[Round "2"]
[White "Kistrup, Nicolai"]
[Black "Ostensen, Nicolai Maxime"]
[Result "1/2-1/2"]
[WhiteElo "2300"]
[BlackElo "2226"]
[PlyCount "73"]
[EventDate "2023.04.04"]
[EventType "swiss"]
[EventRounds "7"]
[EventCountry "DEN"]
[SourceTitle "Live v. Kasper Jerwiarz"]

1. d4 Nf6 2. c4 d6 3. Nc3 Nbd7 4. e4 e5 5. Nf3 g6 6. Be2 Bg7 7. Be3 O-O 8. O-O
c6 9. dxe5 dxe5 10. Qd6 Re8 11. Rfd1 Bf8 12. Qd2 Qc7 13. Qc2 Nc5 14. h3 Ne6 15.
a3 b6 16. b4 Bb7 17. Rd2 Rac8 18. Rad1 c5 19. Qb1 Nd4 20. b5 h6 21. a4 Rcd8 22.
Nd5 Nxd5 23. cxd5 Bc8 24. Bxd4 exd4 25. Bc4 Qf4 26. Re2 Bxh3 27. gxh3 Qxf3 28.
e5 Qxh3 29. Qe4 Qc3 30. Ba2 f5 31. d6+ Kh8 32. Qd5 Bxd6 33. Qf7 Qf3 34. Qf6+
Kh7 35. Qf7+ Kh8 36. Qf6+ Kh7 37. Qf7+ 1/2-1/2

[Event "DM 2023 Kandidatklassen"]
[Site "Svendborg"]
[Date "2023.04.05"]
[Round "2"]
[White "Loftgaard, Mikkel Vinh"]
[Black "De Vleeschauwer, Maarten"]
[Result "1-0"]
[WhiteElo "2244"]
[BlackElo "2256"]
[PlyCount "129"]
[EventDate "2023.04.04"]
[EventType "swiss"]
[EventRounds "7"]
[EventCountry "DEN"]
[SourceTitle "Live v. Kasper Jerwiarz"]

1. e4 e5 2. Nf3 Nc6 3. Bc4 Bc5 4. c3 Nf6 5. d3 a6 6. O-O Ba7 7. a4 d6 8. Re1
O-O 9. h3 h6 10. Nbd2 Re8 11. Nf1 Be6 12. Bxe6 Rxe6 13. Be3 Bxe3 14. Nxe3 Re8
15. b4 d5 16. exd5 Nxd5 17. Qc2 Qd7 18. Rad1 Rad8 19. Nc4 f6 20. Ne3 Nxe3 21.
fxe3 Qe6 22. e4 Rd7 23. Nh4 Ne7 24. Re3 Rf8 25. Kh1 f5 26. exf5 Nxf5 27. Nxf5
Rxf5 28. Qe2 Rdf7 29. Re1 Rf2 30. Rxe5 Qg6 31. Re8+ Kh7 32. Qe4 Qxe4 33. R1xe4
Rc2 34. c4 h5 35. Re2 Rc3 36. R8e7 Rxe7 37. Rxe7 Rxd3 38. Rxc7 Rd4 39. a5 h4
40. Kg1 Rf4 41. g3 hxg3 42. Kg2 Kh6 43. Kxg3 g5 44. Rc5 Kh5 45. Rc7 Kh6 46.
Rxb7 Rxc4 47. Kf3 Rh4 48. Rb6+ Kh7 49. Rxa6 Rxb4 50. Rb6 Ra4 51. a6 Kg7 52. Ke2
Ra3 53. Rb7+ Kg6 54. a7 Kh5 55. Kd2 Kh4 56. Rh7+ Kg3 57. Kc2 Ra5 58. Kd3 Ra1
59. Kc4 Ra2 60. Kb5 Ra3 61. Kb6 Rb3+ 62. Kc7 Ra3 63. Kb8 Rb3+ 64. Rb7 Ra3 65.
Rb5 1-0

[Event "DM 2023 Kandidatklassen"]
[Site "Svendborg"]
[Date "2023.04.05"]
[Round "2"]
[White "Hoyer, Jacob K"]
[Black "Meskenas, Paulius"]
[Result "0-1"]
[WhiteElo "2194"]
[BlackElo "2216"]
[PlyCount "104"]
[EventDate "2023.04.04"]
[EventType "swiss"]
[EventRounds "7"]
[EventCountry "DEN"]
[SourceTitle "Live v. Kasper Jerwiarz"]

1. d4 Nf6 2. c4 g6 3. Nf3 Bg7 4. g3 d5 5. cxd5 Nxd5 6. Bg2 O-O 7. O-O Nc6 8. e4
Nb6 9. d5 Nb8 10. Nc3 c6 11. Be3 cxd5 12. exd5 N8d7 13. Qb3 Nf6 14. Rfd1 Nbd7
15. h3 b6 16. Nd4 Nc5 17. Qa3 a6 18. d6 Bd7 19. dxe7 Qxe7 20. Bxa8 Rxa8 21. Kh2
Qe5 22. Nce2 Re8 23. Rac1 h6 24. b4 Nce4 25. Qd3 g5 26. Nf3 Qe6 27. Nfg1 Ba4
28. Re1 Bb5 29. Qb3 Qxb3 30. axb3 Nd5 31. Bd4 Nxb4 32. Red1 Nd3 33. Rc7 Ndxf2
34. Bxf2 Nxf2 35. Rf1 Bxe2 36. Rxf2 Bh5 37. Rfc2 Re3 38. b4 Be5 39. Rc8+ Kg7
40. Rg2 Bg6 41. Ne2 Be4 42. Rf2 Bd3 43. Nf4 gxf4 44. gxf4 Re2 45. Rxe2 Bxf4+
46. Kg2 Bxe2 47. Rc6 Be3 48. Rc3 Bd4 49. Rc2 Bd3 50. Rd2 Be4+ 51. Kg3 Bc3 52.
Re2 Bd5 0-1

[Event "DM 2023 Kandidatklassen"]
[Site "Svendborg"]
[Date "2023.04.05"]
[Round "2"]
[White "Thogersen, Rasmus"]
[Black "Zander, Emil"]
[Result "1-0"]
[WhiteElo "2365"]
[BlackElo "2006"]
[PlyCount "35"]
[EventDate "2023.04.04"]
[EventType "swiss"]
[EventRounds "7"]
[EventCountry "DEN"]
[SourceTitle "Live v. Kasper Jerwiarz"]

1. e4 c6 2. d4 d5 3. e5 Bf5 4. Nf3 e6 5. Be2 c5 6. c3 Nc6 7. O-O cxd4 8. cxd4
Bg4 9. Nbd2 Nge7 10. a3 Qb6 11. b4 Nxd4 12. Nxd4 Qxd4 13. Qa4+ Nc6 14. Nb3 Qe4
15. Ba6 Be2 16. Bxb7 Bxf1 17. Qxc6+ Kd8 18. Bg5+ 1-0

[Event "DM 2023 Kandidatklassen"]
[Site "Svendborg"]
[Date "2023.04.05"]
[Round "2"]
[White "Rewitz, Poul"]
[Black "Terryn, Ezra"]
[Result "1-0"]
[WhiteElo "2219"]
[BlackElo "2213"]
[PlyCount "67"]
[EventDate "2023.04.04"]
[EventType "swiss"]
[EventRounds "7"]
[EventCountry "DEN"]
[SourceTitle "Live v. Kasper Jerwiarz"]

1. Nf3 c5 2. b3 Nf6 3. Bb2 g6 4. Bxf6 exf6 5. c4 d5 6. cxd5 Qxd5 7. Nc3 Qd8 8.
Rc1 Bg7 9. g3 b6 10. d4 cxd4 11. Nb5 Na6 12. Qxd4 O-O 13. Bg2 Bb7 14. O-O Nc5
15. Rfd1 Ba6 16. Qb4 Qe7 17. Nfd4 Rad8 18. e3 Qe5 19. Nc6 Rxd1+ 20. Rxd1 Qb2
21. Nd6 f5 22. Qd2 Qf6 23. Qd5 Nb7 24. h4 h5 25. Bf3 Nxd6 26. Qxd6 Qxd6 27.
Rxd6 Bc8 28. Nxa7 Be6 29. Nc6 Bf6 30. Nd4 Bxd4 31. exd4 Rb8 32. d5 Bc8 33. Rd8+
Kg7 34. d6 1-0

[Event "DM 2023 Kandidatklassen"]
[Site "Svendborg"]
[Date "2023.04.05"]
[Round "2"]
[White "Liu, Casper Yukun"]
[Black "Thybo, Thomas Sondergaard"]
[Result "1-0"]
[WhiteElo "2241"]
[BlackElo "2130"]
[PlyCount "41"]
[EventDate "2023.04.04"]
[EventType "swiss"]
[EventRounds "7"]
[EventCountry "DEN"]
[SourceTitle "Live v. Kasper Jerwiarz"]

1. d4 d5 2. c4 e6 3. Nc3 c6 4. e4 dxe4 5. Nxe4 c5 6. Nxc5 Bxc5 7. dxc5 Qxd1+ 8.
Kxd1 Nf6 9. Be2 e5 10. b4 Nc6 11. b5 Nd4 12. Nf3 Bg4 13. Nxd4 O-O-O 14. Bxg4+
Nxg4 15. f3 Rxd4+ 16. Kc2 Nf6 17. Be3 Rxc4+ 18. Kb3 Rh4 19. Rad1 Ne8 20. h3 Nc7
21. g3 1-0

[Event "DM 2023 Kandidatklassen"]
[Site "Svendborg"]
[Date "2023.04.05"]
[Round "2"]
[White "Thorsen, Adrian Stenstrop"]
[Black "Koch Mueller, Oscar"]
[Result "1/2-1/2"]
[WhiteElo "2060"]
[BlackElo "2167"]
[PlyCount "110"]
[EventDate "2023.04.04"]
[EventType "swiss"]
[EventRounds "7"]
[EventCountry "DEN"]
[SourceTitle "Live v. Kasper Jerwiarz"]

1. e4 e6 2. Nc3 d5 3. Nf3 d4 4. Ne2 c5 5. c3 Nf6 6. e5 Nfd7 7. cxd4 cxd4 8.
Nexd4 Nxe5 9. Bb5+ Nec6 10. O-O Bd7 11. Nc2 Nb4 12. Bxd7+ Nxd7 13. Nxb4 Bxb4
14. Qb3 Qb6 15. Qa4 Rd8 16. Ne5 Qa5 17. Qxa5 Bxa5 18. Nc4 Bc7 19. Rd1 Ne5 20.
Nxe5 Bxe5 21. Kf1 Bd4 22. d3 Rc8 23. Ke2 b6 24. Rb1 Rc2+ 25. Rd2 Rc5 26. Rd1
Rc2+ 27. Rd2 Rc6 28. Rd1 Kd7 29. Be3 Bf6 30. d4 Kd6 31. Kd3 Kd5 32. Rbc1 Rhc8
33. Rc3 Rxc3+ 34. bxc3 Rc4 35. Rb1 Ra4 36. c4+ Kc6 37. Rb2 Ra3+ 38. Ke4 Rc3 39.
Rb4 Ra3 40. Rb2 Rc3 41. Rb4 Rc2 42. Ra4 a5 43. Kd3 Rb2 44. Kc3 Rb1 45. Kc2 Rh1
46. h3 Rh2 47. d5+ exd5 48. cxd5+ Kxd5 49. Bxb6 Kc6 50. Bxa5 Rxg2 51. Rf4 Rg5
52. Bd2 Rc5+ 53. Kb3 Rh5 54. Rf3 Rb5+ 55. Bb4 Re5 1/2-1/2

[Event "DM 2023 Kandidatklassen"]
[Site "Svendborg"]
[Date "2023.04.05"]
[Round "2"]
[White "Le Besq, Alexander"]
[Black "Jarlskov, Daniel Tuk Hartso"]
[Result "1/2-1/2"]
[WhiteElo "2217"]
[BlackElo "2073"]
[PlyCount "181"]
[EventDate "2023.04.04"]
[EventType "swiss"]
[EventRounds "7"]
[EventCountry "DEN"]
[SourceTitle "Live v. Kasper Jerwiarz"]

1. c4 Nf6 2. Nc3 d5 3. cxd5 Nxd5 4. Nf3 Nxc3 5. bxc3 g6 6. g3 b6 7. Bg2 Bb7 8.
Qb3 e6 9. a4 c5 10. a5 Bg7 11. Rb1 Nd7 12. O-O Rb8 13. axb6 axb6 14. c4 O-O 15.
d3 Qc7 16. Ne1 Ra8 17. Bxb7 Qxb7 18. Nc2 Ra6 19. Bb2 Ne5 20. Bc3 h5 21. Qb2
Rfa8 22. Ra1 Rxa1 23. Rxa1 Rxa1+ 24. Qxa1 f6 25. Bxe5 fxe5 26. e4 b5 27. cxb5
Qxb5 28. Qc3 Kf7 29. Na3 Qb4 30. Qxb4 cxb4 31. Nc4 Ke7 32. Kf1 Kd7 33. Ke2 Kc6
34. Kd2 Bf6 35. Kc2 Kc5 36. Nd2 g5 37. h3 Kb5 38. Kb3 Bg7 39. Nc4 Kc5 40. Na5
Bf6 41. Kc2 Kb5 42. Nc4 Kc5 43. Nd2 Bg7 44. Nb3+ Kb5 45. Nc1 Kc5 46. g4 hxg4
47. hxg4 Bf6 48. Nb3+ Kb5 49. Nd2 Kc5 50. Nf3 Kc6 51. Kb2 Kb6 52. Ne1 Be7 53.
Kb3 Bc5 54. Nf3 Be7 55. Nxe5 Kc5 56. Nf3 Bf6 57. Kc2 Be7 58. Kd2 Bf6 59. Kc2
Be7 60. Ne5 Bd6 61. Nf3 Be7 62. Kb3 Bf6 63. Ka4 Be7 64. Kb3 Bf6 65. d4+ Bxd4
66. Nxg5 Bxf2 67. Nf3 Be3 68. g5 Bf4 69. g6 Bh6 70. Ng5 Kd4 71. Kxb4 Ke3 72.
Kc4 Kf4 73. Nf7 Bg7 74. Kd3 Bf6 75. Nd8 Ke5 76. Ke3 Bg7 77. Kf3 Kf6 78. Kf4
Kxg6 79. Nxe6 Bb2 80. Nc7 Kf6 81. Ke3 Ke7 82. Nb5 Ke6 83. Kd3 Ke5 84. Nc7 Kd6
85. Nd5 Ke5 86. Ne3 Kf4 87. Nf1 Ba1 88. Nd2 Bg7 89. Nc4 Bh8 90. e5 Bxe5 91.
Nxe5 1/2-1/2